000 00692cam a2200265 i 4500
001 0000543
003 DO-SdBNP
005 20180201113455.0
007 0000543
008 100514s 1991 sp | |||| 000 f spa
015 _a
017 _a
_b
020 _a8401374146
035 _a
040 _aBPMSU
_bspa
_cBPMSU
_e
080 _a
100 1 _aVásquez Figueroa, Alberto
245 1 3 _aEl perro
_b(como un perro rabioso)
_h
_cAlberto Vásquez Figueroa
260 _aBarcelona :
_bPlaza & Janes,
_c1991.
300 _a142 p.:
_c18 m
500 _aEdición especial para NH Hoteles
942 _2ddc
_cBK
945 _aInventariado, 2018/ YL
956 _aYLOCKWARD
_cBPMSU
_b10
999 _c10937
_d10937